Представление документа в формате RUSMARC

ПолеНазваниеЗначение
  Тип записи a
  Библиографический уровень m
001 Контрольный номер d183e6d4d1e3424b9f370c927a2c6699
005 Дата корректировки 20140526192809.3
200 Заглавие и сведения об ответственности __
a Заглавие Экономика современного туризма
e Сведения, относящиеся к заглавию Рыночное регулирование.Основы управления и маркетинг.Бухгалтерский учет и налогообложение
f Первые сведения об ответственности Г.А.Карпова,М.Г.ВоронцоваМ.В.Нотаров и др.;Под ред. Г.А.Карповой
210 Выходные данные __
a Место издания СПб.
c Издательство Герда
d Дата издания 1998
215 Физическое описание __
a Объем 412
300 Общие примечания __
a Общие примечания 5экз.
610 Ключевые слова __
a Ключевые слова экономика туризма
686 Индексы других классификаций __
a Классификационный индекс 75
2 Код системы rubbk
686 Индексы других классификаций __
a Классификационный индекс 75.814
2 Код системы rubbk
801 Источник записи _0
a Страна RU
b Организация РУК
c Дата составления 19990128
g Правила каталогизации PSBO
801 Источник записи _1
a Страна RU
b Организация РУК
c Дата составления 19990128
g Правила каталогизации PSBO
852 Данные о местонахождении __
i Авторский знак Э40
j Шифр хранения 75.814
901 Тип документа __
t Тип документа m
938 Служебная информация __
a Название организации Головной вуз
b Имя БД BOOK
c Название АИБС АИБС ИРБИС